[*SIN TITULO*] (Record no. 12475)
[ view plain ]
| 000 -LEADER | |
|---|---|
| campo de control de longitud fija | 00369nam a2200133Ia 4500 |
| 001 - NÚMERO DE CONTROL | |
| campo de control | 38 |
| 008 - DATOS DE LONGITUD FIJA--INFORMACIÓN GENERAL | |
| campo de control de longitud fija | 241024s9999 xx 000 0 und d |
| 082 ## - NÚMERO DE LA CLASIFICACIÓN DECIMAL DEWEY | |
| Número de clasificación | [*SIN CLASIFICACION*] |
| 100 ## - ENTRADA PRINCIPAL--NOMBRE DE PERSONA | |
| Nombre de persona | [*SIN AUTOR*] |
| 245 #0 - MENCIÓN DEL TÍTULO | |
| Título | [*SIN TITULO*] |
| 260 ## - PUBLICACIÓN, DISTRIBUCIÓN, ETC. | |
| Nombre del editor, distribuidor, etc. | Academia Dominicana de la Lengua¦310Trimestral¦546Texto en español################ |
| 901 ## - ELEMENTOS DE DATOS A LOCAL LDA (RLIN) | |
| a | 9/12/16 |
No items available.